[Event "63rd ch-GEO w"]
[Site "Tbilisi GEO"]
[Date "2006.01.12"]
[Round "4"]
[White "Charkhalashvili,I"]
[Black "Khukhashvili,S"]
[Result "1-0"]
[WhiteElo "2312"]
[BlackElo "2316"]

1.d4 e6 2.c4 Nf6 3.Nf3 b6 4.g3 Ba6 5.b3 Bb4+ 6.Bd2 Be7 7.Bg2 d5 8.Bc3 O-O
9.O-O Bb7 10.Bb2 Na6 11.Nbd2 c5 12.Rc1 Bd6 13.Qc2 Qe7 14.dxc5 bxc5 15.cxd5 exd5
16.Rfe1 Ne4 17.Nxe4 dxe4 18.Qc3 f5 19.Nd2 Nb4 20.a3 Nd5 21.Qc4 Kh8 22.e3 a5
23.Red1 Qf7 24.Qc2 Rfe8 25.Nc4 Bc7 26.Ba1 Bc6 27.Qb2 Rab8 28.Qc2 h6 29.Nxa5 Bxa5
30.Qxc5 Ne7 31.Qxa5 Rxb3 32.Qc7 Bd5 33.Qd6 Qe6 34.Qxe6 Bxe6 35.Rd6 Bc4 36.Rxh6+ Kg8
37.Rd6  1-0

[Event "TCh-FIN 2005-6"]
[Site "Helsinki FIN"]
[Date "2006.01.14"]
[Round "6"]
[White "Kanko,I"]
[Black "Laihonen,P"]
[Result "1/2-1/2"]
[WhiteElo "2227"]
[BlackElo "2252"]

1.d4 Nf6 2.Nf3 e6 3.c4 b6 4.g3 Ba6 5.b3 Bb4+ 6.Bd2 Be7 7.Bg2 c6 8.O-O d5
9.Qc2 Nbd7 10.Rd1 Rc8 11.Bf4 O-O 12.Nc3 Nh5 13.Bc1 f5 14.Bb2 Bd6 15.e3 Nhf6
16.Bf1 Bb7 17.a4 Ne4 18.Ne2 g5 19.Ne5 a5 20.Nxd7 Qxd7 21.f3 Nf6 22.c5 Bc7
23.cxb6 Bxb6 24.Ba3 Rfe8 25.Bc5 Bc7 26.Qd2 Ba6 27.Nc3 Bxf1 28.Rxf1 Rb8 29.Rab1 Qg7
30.b4 axb4 31.Bxb4 h5 32.e4 Nd7 33.a5 Ra8 34.exf5 exf5 35.Rfe1 f4 36.Kg2 fxg3
37.hxg3 h4 38.Rxe8+ Rxe8 39.Re1 Kf7 40.Rxe8 Kxe8 41.Qe3+ Kd8 42.a6 Bb6 43.Ne2 Kc7
44.Qe6 Qf6 45.Bd6+ Kc8 46.Qxf6 Nxf6 47.Be7 Nd7 48.Bxg5 hxg3 49.Be3 Nb8 50.Kxg3 Nxa6
51.Kg4 Nc7 52.f4 Kd7 53.f5 Ke7 54.Bf4 Nb5 55.Be5 Kf7 56.f6 c5 57.dxc5 Bxc5
58.Ng3 Nd6 59.Bxd6 Bxd6 60.Nf5 Be5 61.Ne3 d4 62.Nc4 Kxf6 63.Kf3 Kf5 64.Ke2 Ke4
65.Nd2+ Kd5 66.Kd3 Bf4 67.Nb3 Be5 68.Nxd4  1/2-1/2

[Event "Winter Cup"]
[Site "Bucharest ROM"]
[Date "2006.01.15"]
[Round "2"]
[White "Ionescu,Co"]
[Black "Peptan,C"]
[Result "1/2-1/2"]
[WhiteElo "2450"]
[BlackElo "2404"]

1.d4 Nf6 2.c4 e6 3.Nf3 b6 4.g3 Ba6 5.b3 Bb7 6.Bg2 Bb4+ 7.Bd2 Be7 8.Nc3 O-O
9.O-O c5 10.d5 exd5 11.Ne1 Ne4 12.cxd5 Nxd2 13.Qxd2 d6 14.Nd3 Nd7 15.Rac1 Re8
16.Kh1 Bf8 17.f4 g6 18.Nf2 Bg7 19.e3 Ba6 20.Rfe1 b5 21.Nce4 Qb6 22.g4 Re7
23.g5 Rae8 24.Bh3 Bb7 25.a3  1/2-1/2

[Event "14th FAJR Open"]
[Site "Tehran IRI"]
[Date "2006.01.27"]
[Round "4"]
[White "Neverov,V"]
[Black "Ghorbani,M"]
[Result "1-0"]
[WhiteElo "2554"]
[BlackElo "2275"]

1.d4 Nf6 2.c4 e6 3.Nf3 b6 4.g3 Ba6 5.b3 c6 6.Bg2 Be7 7.O-O O-O 8.Bb2 d5 9.Nbd2 Nbd7
10.Re1 Rc8 11.e4 Bb4 12.a3 Be7 13.Qe2 Rc7 14.Rad1 Qc8 15.e5 Ne8 16.Qe3 Qd8
17.h4 Rc8 18.Bf1 Nc7 19.Bd3 Bb7 20.cxd5 Nxd5 21.Qe4 g6 22.h5 Kg7 23.Qg4 f5
24.exf6+ N7xf6 25.h6+ Kh8 26.Qxe6 Rc7 27.Ng5 Bc8 28.Qe5 Bd6 29.Ne6 Bxe5 30.Nxd8 Bxg3
31.fxg3 Rxd8 32.Nc4 Bf5 33.Bf1 Bc2 34.Rc1 Bxb3 35.Bg2 Kg8 36.Re6 Kf7 37.Rxc6 Bxc4
38.Rxc7+ Nxc7 39.Rxc4 Ncd5 40.Bc1 Rd7 41.Bg5 Ne7 42.Bf4 Nfd5 43.Bh3 Nf5 44.Be5 Re7
45.Rc8 Nf6 46.Bf1 Ne3 47.Bd3 Nd7 48.Bg7 Ke6 49.Be4 Nf5 50.Rc6+ Nd6 51.d5+ Kf7
52.Rxd6  1-0

[Event "11th HIT Open A"]
[Site "Nova Gorica SLO"]
[Date "2006.01.28"]
[Round "3"]
[White "Cvitan,O"]
[Black "Saric,A"]
[Result "1/2-1/2"]
[WhiteElo "2528"]
[BlackElo "2455"]

1.d4 Nf6 2.Nf3 e6 3.c4 b6 4.g3 Ba6 5.b3 Bb4+ 6.Bd2 Be7 7.Bg2 c6 8.Bc3 d5
9.Nbd2 O-O 10.O-O Nbd7  1/2-1/2

[Event "FSGM February"]
[Site "Budapest HUN"]
[Date "2006.02.05"]
[Round "2"]
[White "Antic,De"]
[Black "Bellia,F"]
[Result "1/2-1/2"]
[WhiteElo "2505"]
[BlackElo "2390"]

1.d4 Nf6 2.c4 e6 3.Nf3 b6 4.g3 Ba6 5.b3 Bb4+ 6.Bd2 Be7 7.Bg2 c6 8.O-O d5
9.Qc2 O-O 10.Rd1 Nbd7 11.Bf4 Rc8 12.Nc3 Nh5 13.Bc1 f5 14.Bb2 Bd6 15.e3 Qe7
16.Ne2 g6 17.Nf4 Ng7 18.Nd3 Rfd8 19.Nfe5 Nxe5 20.Nxe5 Ne8 21.a4 Nf6 22.Nd3 Ne4
23.a5 Bb7 24.f3 Nf6 25.c5 bxc5 26.dxc5 Bc7 27.a6 Ba8 28.Qc3 Rf8 29.e4 h6
30.exf5 gxf5 31.Ra4 Kh7 32.Re1 Rf7 33.Bh3 Nd7 34.Rh4 Rg8 35.Kh1 e5 36.Bc1 Rg6
37.Nf4 Rgf6 38.b4 Qf8 39.Ng2 Nb8 40.Rh5 Nxa6 41.Nh4 Bb7 42.Bg5 Bc8 43.Bxf6 Rxf6
44.Rxe5 Bxe5 45.Qxe5 Nxb4 46.Nxf5 Nd3 47.Qd4 Nxc5 48.Qf4 Ne6 49.Qe3 d4 50.Nxd4 Nxd4
51.Bxc8 c5 52.Bg4 Nxf3 53.Rxc5 Ng5 54.Rc7+ Rf7 55.Bf5+ Kg8 56.Rc8 Rxf5 57.Rxf8+ Kxf8
58.Qxa7 Nf7 59.Qa1 Rd5 60.h4 Rd8 61.Kg2 Rd2+ 62.Kh3 Rd6 63.Qc3 Rd8 64.Kg4 Rd5
65.Kf4 Rd6 66.g4 Rd5 67.Qc4 Rd6 68.Kf5 Kg7  1/2-1/2

[Event "ch-CUB sf"]
[Site "Santa Clara CUB"]
[Date "2006.02.08"]
[Round "4"]
[White "Nogueiras,J"]
[Black "Arencibia,W"]
[Result "1/2-1/2"]
[WhiteElo "2554"]
[BlackElo "2532"]

1.d4 Nf6 2.Nf3 e6 3.c4 b6 4.g3 Ba6 5.b3 Bb7 6.Bg2 Bb4+ 7.Bd2 a5 8.O-O O-O
9.Nc3 Re8 10.Qc2 d6 11.a3  1/2-1/2

[Event "FSGM February"]
[Site "Budapest HUN"]
[Date "2006.02.14"]
[Round "11"]
[White "Antic,De"]
[Black "Nemeth,Mi1"]
[Result "1-0"]
[WhiteElo "2505"]
[BlackElo "2378"]

1.d4 Nf6 2.c4 e6 3.Nf3 b6 4.g3 Ba6 5.b3 Bb4+ 6.Bd2 Be7 7.Nc3 d5 8.cxd5 Nxd5
9.Bg2 Bb7 10.O-O O-O 11.Qc2 Nd7 12.Rad1 c5 13.Nxd5 exd5 14.Bc3 Bf6 15.dxc5 Nxc5
16.Bxf6 Qxf6 17.Nd4 Rac8 18.Qf5 Qd6 19.Nb5 Qe6 20.Qxe6 fxe6 21.b4 Na6 22.Bh3 Rc2
23.Nd6 Ba8 24.Bxe6+ Kh8 25.e4 dxe4 26.Bb3 Rb2 27.Nf7+ Kg8 28.Ng5+ Kh8 29.Ne6 Re8
30.Ba4 Rc8 31.Bd7 Rb8 32.a3 e3 33.Rd3 e2 34.Re1 Rg8 35.Re3 Nb8 36.Bb5 Bd5
37.R3xe2 Rxe2 38.Rxe2 Rc8 39.f4 a6 40.Bd3 Rc1+ 41.Kf2 Rh1 42.Re5 Rxh2+ 43.Ke3 Bc6
44.Nd8 Bd7 45.Re7 g6 46.Nf7+ Kg8 47.Ne5 Kf8 48.Rxd7 Nxd7 49.Nxd7+ Ke7 50.Nxb6 Ra2
51.a4 Ra3 52.Kd4 Kd8 53.a5 Kc7 54.Nd5+ Kb7 55.Nf6 Ra2 56.Nxh7  1-0

[Event "TCh-BEL 2005-6"]
[Site "Belgium BEL"]
[Date "2006.02.19"]
[Round "9"]
[White "Dambacher,M"]
[Black "Hauchard,A"]
[Result "1/2-1/2"]
[WhiteElo "2401"]
[BlackElo "2487"]

1.d4 Nf6 2.c4 e6 3.Nf3 b6 4.g3 Ba6 5.Qa4 c6 6.Nc3 Be7 7.Bg2 O-O 8.Bf4 Bb7
9.O-O d5 10.Ne5 a6 11.Rad1 b5 12.Qb3 Nbd7 13.e4 Nb6 14.c5 Nbd7 15.a4 Nxe5
16.Bxe5 Ng4 17.Bf4 f5 18.exd5 exd5 19.Rfe1 g5 20.Bc1 f4 21.f3 Nh6 22.gxf4 gxf4
23.Kh1 Kh8 24.Re6 Bg5 25.Ne2 Nf5 26.Bh3 Nh4 27.Rg1 Bc8 28.Re5 h6 29.Bxc8 Rxc8
30.axb5 axb5 31.Qd3 Qf6 32.Rg4 Ra8 33.h3 Ra1 34.Kh2 Ng6 35.h4 Nxh4 36.Bxf4 Rf1
37.Rxh4 Bxh4 38.Rh5 Rf2+ 39.Kh3 Bg5 40.Kg3 Bxf4+ 41.Kxf2 Bg5 42.Ng3 Rg8 43.Kf1 Re8
44.Kg2 Re6 45.Rh3 Re3 46.Qf5 Re2+ 47.Kf1 Qxf5 48.Nxf5 Rxb2 49.f4 Bxf4 50.Ne7 Kg7
51.Nxc6 Kf6 52.Ne5 Bxe5 53.Rf3+ Kg7 54.dxe5 Rc2 55.e6 Rxc5 56.e7 Rc8 57.Rf5 Re8
58.Rxd5 Rxe7 59.Rxb5  1/2-1/2

[Event "TCh-BEL 2005-6"]
[Site "Belgium BEL"]
[Date "2006.02.19"]
[Round "9"]
[White "Schulz,KJ"]
[Black "Saiboulatov,D"]
[Result "0-1"]
[WhiteElo "2397"]
[BlackElo "2403"]

1.d4 e6 2.Nf3 Nf6 3.c4 b6 4.g3 Ba6 5.Qa4 c6 6.Bg2 b5 7.cxb5 cxb5 8.Qb3 Nc6
9.O-O Rc8 10.Re1 Be7 11.a3 O-O 12.Nc3 Na5 13.Qd1 Qb6 14.d5 Nc4 15.b3 Ng4
16.e3 Bf6 17.Nd4 Nce5 18.Ne4 exd5 19.Nxf6+ Qxf6 20.f4 h5 21.fxe5 Qf2+ 22.Kh1 f6
23.exf6 Rxf6 24.h3 Qxg3 25.hxg4 Qh4+ 26.Kg1 Qf2+ 27.Kh1 hxg4 28.e4 Qh4+ 29.Kg1 Qf2+
30.Kh1 Qh4+ 31.Kg1 g3 32.Nf3 Rxf3 33.Qxf3 Qh2+ 34.Kf1 b4+ 35.Re2 Rf8 36.Bf4 g5
37.Ke1 Rxf4 38.Qe3 Bxe2 39.Qxe2 Qg1+ 40.Bf1 Rxe4  0-1

[Event "ITT Torre Blanca"]
[Site "Buenos Aires ARG"]
[Date "2006.02.21"]
[Round "5"]
[White "Guerrero,Alv"]
[Black "Lafuente,P"]
[Result "0-1"]
[WhiteElo "2179"]
[BlackElo "2408"]

1.d4 Nf6 2.Nf3 e6 3.c4 b6 4.g3 Ba6 5.Nbd2 Bb4 6.Qc2 Bb7 7.Bg2 O-O 8.O-O Bxd2
9.Qxd2 Be4 10.b3 d6 11.Bb2 Nbd7 12.Rfd1 a5 13.Qc3 c6 14.Rac1 Qb8 15.Qe3 Re8
16.Ne5 Bxg2 17.Nxd7 Nxd7 18.Kxg2 b5 19.Qf3 d5 20.cxd5 cxd5 21.Rc2 a4 22.Rdc1 axb3
23.axb3 Ra2 24.g4 Nf6 25.g5 Ne4 26.h4 f6 27.gxf6 Nxf6 28.Qg3 Qxg3+ 29.Kxg3 Ne4+
30.Kg2 h5 31.Ra1 Rxa1 32.Bxa1 Ra8 33.Bb2 Ra2 34.f3 Nd6 35.Kg3 Nf5+ 36.Kf4 Kh7
37.e3 Nxh4 38.Rd2 g5+ 39.Kg3 Nf5+ 40.Kf2 g4 41.fxg4 hxg4 42.Bc3 Rxd2+ 43.Bxd2 Nd6
44.Bb4 Ne4+ 45.Kg2 Kg6 46.Be7 Nd2 47.b4 Kf5 48.Kg3 Nc4 49.Kf2 Ke4 50.Bg5 Na3
51.Kg3 Nc2 52.Be7 Nxe3 53.Bc5 Nf5+ 54.Kxg4 Nxd4 55.Kg3 e5 56.Kf2 Kd3 57.Ke1 e4
58.Bd6 e3 59.Bc5 Nc2+  0-1

[Event "2nd ch-SCG Women"]
[Site "Tivat SCG"]
[Date "2006.02.24"]
[Round "4"]
[White "Vojinovic,J"]
[Black "Chelushkina,I"]
[Result "0-1"]
[WhiteElo "2035"]
[BlackElo "2312"]

1.d4 Nf6 2.Nf3 e6 3.c4 b6 4.g3 Ba6 5.b3 Bb4+ 6.Bd2 Be7 7.Bg2 c6 8.O-O O-O
9.Ne5 d5 10.Bc3 Nbd7 11.Nxd7 Nxd7 12.Nd2 Rc8 13.e4 b5 14.Re1 dxc4 15.bxc4 Nb6
16.cxb5 cxb5 17.Qb3 Na4 18.Bb4 Bxb4 19.Qxb4 Rc2 20.Rec1 Rb2 21.Nb3 Qf6 22.Rf1 e5
23.Bh3 h5 24.d5 Bc8 25.Bxc8 Rxc8 26.Qxb5 Rcc2 27.Qe8+ Kh7 28.Qd7 Rxf2 29.Qh3 Qf3
30.Rxf2 Qxf2+ 31.Kh1 Qf3+ 32.Kg1 Qe3+ 33.Kh1 Qxe4+ 34.Kg1 Qe3+ 35.Kh1 Qf3+
36.Kg1 Nc3 37.Nc1 Rc2 38.Qf1 Rxc1  0-1

[Event "TCh-CZE Extraliga 2005-6"]
[Site "Czech Rep CZE"]
[Date "2006.02.25"]
[Round "8"]
[White "Chytilek,R"]
[Black "Laznicka,V"]
[Result "1/2-1/2"]
[WhiteElo "2400"]
[BlackElo "2525"]

1.d4 Nf6 2.Nf3 e6 3.c4 b6 4.g3 Ba6 5.b3 Bb4+ 6.Bd2 Be7 7.Nc3 O-O 8.Rc1 d5
9.cxd5 Nxd5 10.Bg2 Bb7 11.Nxd5 Bxd5 12.Qc2 c5 13.dxc5 Bxc5 14.O-O h6 15.Rfd1 Qe7
16.Bc3 Ba3 17.Bb2  1/2-1/2

[Event "1st ONGC Cup"]
[Site "Hyderabad IND"]
[Date "2006.02.27"]
[Round "3"]
[White "Prakash,G"]
[Black "Ramakrishna,J"]
[Result "1-0"]
[WhiteElo "2428"]
[BlackElo "2264"]

1.d4 Nf6 2.c4 e6 3.Nf3 b6 4.g3 Ba6 5.Nbd2 c5 6.Bg2 Nc6 7.dxc5 bxc5 8.O-O Be7
9.b3 O-O 10.Bb2 d6 11.Ng5 Rc8 12.Qc2 Nd4 13.Qd3 h6 14.Ngf3 Nxf3+ 15.Bxf3 d5
16.Rfd1 Qb6 17.e3 Rfd8 18.Qc2 d4 19.exd4 cxd4 20.Ne4 Bb7 21.Qe2 d3 22.Rxd3 Rxd3
23.Nxf6+ Bxf6 24.Bxb7 Qxb7 25.Bxf6 Qf3 26.Qxf3 Rxf3 27.Bd4 Rd3 28.Be3 a6
29.Rc1 Kf8 30.Kf1 Ke7 31.Ke2 Rd7 32.b4 Rb7 33.a3 e5 34.g4 Ke6 35.c5 Kd5 36.Kd3 Rd8
37.Kc3 Kc6 38.Kc4 g6 39.a4 f5 40.gxf5 gxf5 41.Rg1 f4 42.b5+ axb5+ 43.axb5+ Kc7
44.b6+ Kc8 45.Bc1  1-0

[Event "1st ONGC Cup"]
[Site "Hyderabad IND"]
[Date "2006.03.01"]
[Round "6"]
[White "Laxman,R"]
[Black "Lalith,B"]
[Result "0-1"]
[WhiteElo "2418"]
[BlackElo "2277"]

1.d4 Nf6 2.c4 e6 3.Nf3 b6 4.g3 Ba6 5.Nbd2 c5 6.Bg2 Bb7 7.dxc5 Bxc5 8.O-O O-O
9.b3 d5 10.Bb2 Nbd7 11.a3 Rc8 12.cxd5 Bxd5 13.b4 Be7 14.Qb1 Qc7 15.e4 Bb7
16.Nd4 Rfd8 17.Qa2 Bf8 18.Rfd1 Qb8 19.Bh3 Ne5 20.f4 Nd3 21.Bxe6 fxe6 22.Nxe6 Kh8
23.Nxd8 Rxd8 24.Bxf6 gxf6 25.Qf7 Bg7 26.Ra2 Qc8 27.Qc4 Qg4 28.Rf1 Qe2 29.Qc7 Qe3+
30.Kg2 Bxe4+ 31.Nxe4 Qxe4+ 32.Kh3 Qd5 33.f5 Re8 34.Rc2 Ne5 35.Rc3 Nf7 36.Kg4 Re4+
37.Kh5 Re2 38.h4 Re8 39.Qc6 Qe5 40.Rff3 Qe7 41.Rfe3 Ne5 42.Qd5 Bf8 43.g4 Qg7
44.g5 Qg6+  0-1

[Event "1st ONGC Cup"]
[Site "Hyderabad IND"]
[Date "2006.03.03"]
[Round "8"]
[White "Prakash,G"]
[Black "Lalith,B"]
[Result "0-1"]
[WhiteElo "2428"]
[BlackElo "2277"]

1.d4 Nf6 2.c4 e6 3.Nf3 b6 4.g3 Ba6 5.Nbd2 Bb7 6.Bg2 c5 7.e4 cxd4 8.O-O d6
9.Nxd4 Qd7 10.a4 Nc6 11.Nxc6 Bxc6 12.b4 Be7 13.b5 Bb7 14.a5 bxa5 15.Bb2 O-O
16.Nb3 e5 17.Nxa5 a6 18.c5 Bxe4 19.b6 Bxg2 20.Kxg2 Qb5 21.b7 Rab8 22.c6 Qxb2
23.Qc1 Qb6 24.c7 Rbc8 25.Rb1 Qxc7 26.Qxc7 Rxc7 27.Rfc1 Rxc1 28.Rxc1 Nd7 29.Rc8 Nb8
30.Kf3 d5 31.Ke3 f6 32.f4 Kf7 33.f5 Bd6 34.Kd3 Ke7 35.g4 Kd7 36.Rc1 Bb4  0-1

[Event "FSGM March"]
[Site "Budapest HUN"]
[Date "2006.03.05"]
[Round "2"]
[White "Ilincic,Z"]
[Black "Prohaszka,P2"]
[Result "1-0"]
[WhiteElo "2545"]
[BlackElo "2344"]

1.d4 Nf6 2.c4 e6 3.Nf3 b6 4.g3 Ba6 5.Qa4 c5 6.Bg2 Bb7 7.O-O cxd4 8.Nxd4 Bxg2
9.Kxg2 Be7 10.Rd1 O-O 11.Nc3 Qc8 12.f3 a6 13.Bg5 h6 14.Bxf6 Bxf6 15.Rac1 Qb7
16.Qa3 Bg5 17.Rc2 Nc6 18.Nxc6 Qxc6 19.Ne4 d5 20.Nxg5 hxg5 21.Qc3 dxc4 22.Qxc4 Qxc4
23.Rxc4 Rfd8 24.Rdc1 Rd2 25.R4c2 Rad8 26.Kf2 Kh7 27.Ke1 Rxc2 28.Rxc2 Rd6
29.Rd2 Rc6 30.Rd7 Rc2 31.Rd2 Rc1+ 32.Kf2 Rc6 33.Ke3 Kg6 34.Rd3 Kf6 35.Ra3 b5
36.Ra5 Rc2 37.b4 Rc4 38.a3 Rc6 39.a4 bxa4 40.Rxa4 Ke7 41.Ra5 f6 42.Kd3 Kd6
43.h4 gxh4 44.gxh4 e5 45.h5 Ke6 46.Ra1 Kf7 47.Rg1 Rc8 48.Rg4 Rh8 49.Rc4 Rxh5
50.Rc6 a5 51.b5 e4+ 52.Kc4 exf3 53.exf3 Rh1 54.b6 Rb1 55.Kc5 g5 56.Rc7+ Kg6
57.Ra7 Rc1+ 58.Kb5 Kf5 59.Rxa5 Rc8 60.Ra4 Kg6 61.b7 Rb8 62.Kc6 f5 63.Ra8 Rxb7
64.Kxb7 Kf6 65.Ra5  1-0

[Event "2nd ch-SCG"]
[Site "Pancevo SCG"]
[Date "2006.03.09"]
[Round "10"]
[White "Lajthajm,B"]
[Black "Perunovic,Mil"]
[Result "1/2-1/2"]
[WhiteElo "2464"]
[BlackElo "2508"]

1.d4 Nf6 2.c4 e6 3.Nf3 b6 4.g3 Ba6 5.b3 Bb4+ 6.Bd2 Be7 7.Bg2 c6 8.Bc3 d5
9.Nbd2 Nbd7 10.O-O O-O 11.Re1 c5 12.e4 dxc4 13.Nxc4 Bb7 14.Nfe5 cxd4 15.Bxd4 Nc5
16.f3 Qc7 17.Qe2 Rfd8 18.Bb2 b5 19.Ne3 Bd6 20.Rac1 Bxe5 21.b4 Bxb2 22.Rxc5 Qb6
23.Qxb2 Rac8 24.Rxc8 Rxc8 25.Qd2 h6 26.Rd1 Qa6 27.Qb2 Qb6 28.Qd2 Rc7 29.Qd4 Qxd4
30.Rxd4 Kf8 31.Bf1 a6 32.Kf2 Ke7 33.Rd2 Bxe4 34.fxe4 Nxe4+ 35.Ke2 Nxd2 36.Kxd2 f5
37.Nd1 Rd7+ 38.Kc2 Rd4 39.a3 e5 40.Ne3 Ke6 41.Kc3 Rd6 42.a4 Rc6+ 43.Kb3 bxa4+
44.Kxa4 Rc3 45.Bc4+ Kd7 46.Nd5 Rc2 47.Ne3 Rc1 48.Bxa6 Ra1+ 49.Kb5 f4 50.Nc4 Re1
51.Bb7 g5 52.Kc5 g4 53.Kd5 f3 54.Nxe5+ Kc7 55.Ba6 h5 56.Kd4 f2 57.Bb5 f1=Q
58.Bxf1 Rxf1 59.Nd3 Rh1 60.Nf4 Rxh2 61.Ke4 Kd6 62.Kf5 Rh3 63.Kg5 Rxg3 64.Nxh5 Rg1
65.Kf4 Kd5  1/2-1/2

[Event "Sozina Open"]
[Site "Bar SCG"]
[Date "2006.03.19"]
[Round "2"]
[White "Pavlovic,Milo2"]
[Black "Lapcevic,M"]
[Result "1/2-1/2"]
[WhiteElo "2426"]
[BlackElo "2282"]

1.d4 Nf6 2.c4 e6 3.Nf3 b6 4.g3 Ba6 5.Nbd2 Bb4 6.Qc2 Bb7 7.Bg2 Be4 8.Qb3 Bxd2+
9.Bxd2 O-O 10.O-O d6 11.Rfd1 Nbd7 12.Rac1 a5 13.Qe3 Qe7 14.Bc3 c6 15.Bh3 b5
16.c5 d5 17.Nh4 Rfe8 18.f3 Bg6 19.b3 a4 20.Nxg6 hxg6 21.Qd2 Ra7 22.Bg2 axb3
23.axb3 Rea8 24.Ra1 Qd8 25.Qb2 Qb8 26.Rxa7 Qxa7 27.Ra1 Qxa1+ 28.Qxa1 Rxa1+
29.Bxa1 Kf8 30.Kf2 Ke7 31.g4 Ne8 32.Bc3 g5 33.e3 f6 34.Bf1 e5 35.dxe5 fxe5
36.b4 g6 37.Bd3 Kf7 38.Bd2 Nef6 39.Bb1 e4 40.Bc3 Ke6 41.h3 Ne5 42.f4 Nf3
43.fxg5 Nh7 44.Kg3 Nhxg5 45.h4 Nf7 46.Bc2 g5 47.hxg5 N7xg5 48.Bd1 Ne5 49.Be2 Ng6
50.Bd4 Nf7 51.Bc3  1/2-1/2

[Event "TCh-HUN 2005-6"]
[Site "Hungary HUN"]
[Date "2006.03.19"]
[Round "9"]
[White "Zakarias,D"]
[Black "Lakos,N"]
[Result "1/2-1/2"]
[WhiteElo "2271"]
[BlackElo "2324"]

1.d4 Nf6 2.c4 e6 3.Nf3 b6 4.g3 Ba6 5.b3 Bb4+ 6.Bd2 Be7 7.Bg2 c6 8.Bc3 d5
9.Ne5 Nfd7 10.Nxd7 Nxd7 11.Nd2 O-O 12.O-O Rc8 13.e4 c5 14.exd5 exd5 15.dxc5 dxc4
16.c6 cxb3 17.Re1 b2 18.Bxb2 Nc5 19.Ba3 Re8 20.Bxc5 Bxc5 21.Nb3 Bb5 22.Nxc5 bxc5
23.Rc1 Rxe1+ 24.Qxe1 Bxc6 25.Rxc5 Bxg2 26.Rxc8 Qxc8 27.Kxg2 Qc6+ 28.Kg1 g6
29.Qa5  1/2-1/2

[Event "ch-Moscow Prelim KO"]
[Site "Moscow RUS"]
[Date "2006.03.20"]
[Round "1.2"]
[White "Kharitonov,AV"]
[Black "Kremenietsky,AnM"]
[Result "1-0"]
[WhiteElo "2578"]
[BlackElo "2391"]

1.d4 Nf6 2.Nf3 e6 3.c4 b6 4.g3 Ba6 5.b3 Bb4+ 6.Bd2 Be7 7.Bg2 c6 8.Bc3 d5
9.Ne5 Nfd7 10.Nxd7 Nxd7 11.Nd2 f5 12.O-O O-O 13.Bb2 Rc8 14.Rc1 Bd6 15.Nf3 Qe7
16.Rc2 Bb7 17.e3 Rce8 18.Qe2 g5 19.Rfc1 Rf7 20.Ne5 Bxe5 21.dxe5 Nf8 22.cxd5 exd5
23.Rxc6 Bxc6 24.Rxc6 Rd8 25.Qh5 Ng6 26.Rf6 f4 27.Qxg5 fxe3 28.fxe3 Rxf6 29.exf6 Qe6
30.h4 Kf7 31.h5 Nf8 32.Qg7+ Ke8 33.Ba3 Qf7 34.Bf1  1-0

[Event "ch-ARG s/f"]
[Site "Buenos Aires ARG"]
[Date "2006.03.21"]
[Round "1"]
[White "Giardelli,S"]
[Black "Fiori,H"]
[Result "1-0"]
[WhiteElo "2418"]
[BlackElo "2180"]

1.d4 Nf6 2.Nf3 e6 3.c4 b6 4.g3 Ba6 5.b3 Bb4+ 6.Nbd2 O-O 7.Bg2 Bb7 8.O-O c5
9.Bb2 cxd4 10.Nxd4 Bxg2 11.Kxg2 d5 12.Rc1 e5 13.N4f3 e4 14.Nd4 Re8 15.cxd5 e3
16.N2f3 Qxd5 17.Nc2 Bd2 18.Bxf6 gxf6 19.Nxe3  1-0

[Event "ch-ARG s/f"]
[Site "Buenos Aires ARG"]
[Date "2006.03.21"]
[Round "1"]
[White "Menon,D"]
[Black "Lafuente,P"]
[Result "1/2-1/2"]
[WhiteElo "2167"]
[BlackElo "2408"]

1.d4 Nf6 2.c4 e6 3.Nf3 b6 4.g3 Ba6 5.Qa4 Bb7 6.Bg2 c5 7.O-O cxd4 8.Nxd4 Qc8
9.Bxb7 Qxb7 10.Nc3 Na6 11.Bg5 Nc5 12.Qd1 Be7 13.Rc1 O-O 14.Ndb5 a6 15.Bxf6 Bxf6
16.Nd6 Qc6 17.f3 Be5 18.Nde4 Nxe4 19.fxe4 Rac8 20.e3 Rc7 21.b3 Bxc3 22.Rxc3 Qxe4
23.Rf4 Qe5 24.Rd3 Rd8 25.Rfd4 g6 26.Kf2 b5 27.Rxd7 Qf5+ 28.Kg2 Qe4+ 29.Kf2 Rdxd7
30.Rxd7 Rxd7 31.Qxd7 Qc2+ 32.Kf3 bxc4 33.Qd8+ Kg7 34.Qd4+  1/2-1/2

[Event "22nd Spring Festival Open"]
[Site "Budapest HUN"]
[Date "2006.03.28"]
[Round "6"]
[White "Amstadt,A"]
[Black "Rozsnyai,Ti"]
[Result "0-1"]
[WhiteElo "1869"]
[BlackElo "2129"]

1.d4 Nf6 2.c4 e6 3.Nf3 b6 4.g3 Ba6 5.b3 Bb4+ 6.Bd2 Be7 7.Nc3 Bb7 8.Bg2 c6
9.O-O d5 10.Bf4 Nbd7 11.Ne5 Rc8 12.e4 Ba6 13.Nxd7 Nxd7 14.Re1 O-O 15.Rc1 dxc4
16.Bf1 Ba3 17.Rb1 Bb4 18.Re3 e5 19.dxe5 Nc5 20.Qg4 Bxc3 21.Rxc3 Qd4 22.Re3 Rcd8
23.Bg5 Rd7 24.Bf6 Ne6 25.Rc1 b5 26.Bh3 Bc8 27.bxc4 b4 28.Qh4 gxf6 29.Bf5 Ng5
30.Bxd7 Qxe3 31.fxe3 Nf3+ 32.Kf2 Nxh4 33.Bxc8 Rxc8 34.gxh4 fxe5 35.Rd1 a5
36.Rd7 Ra8 37.Rb7 c5 38.a3 a4 39.Ke2 bxa3 40.Rb1 Kg7 41.Ra1 Rb8 42.Rxa3 Rb4
43.Kd3 Kg6 44.Ra1 Rb3+ 45.Kd2 a3 46.Re1 Kh5 47.Kc2 Rb2+ 48.Kc3 Rxh2 49.Kb3 a2
50.Ra1 Kxh4 51.Rg1 h5 52.Ka4 Rb2 53.Ra1 Kg3 54.Ka3 Rg2 55.Ka4 h4 56.Kb5 h3
57.Kxc5 h2 58.Kd5 Rg1 59.Rxa2 h1=Q 60.Ra8 Qh5 61.Rg8+ Kf2 62.Rxg1 Kxg1 63.c5 f6
64.c6 Qe8 65.c7 Qd7+ 66.Kc5 Qxc7+  0-1

[Event "VIII Rector Cup w"]
[Site "Kharkiv UKR"]
[Date "2006.03.28"]
[Round "1"]
[White "Maiko,J"]
[Black "Skogvall,M"]
[Result "1-0"]
[WhiteElo "2214"]
[BlackElo "2100"]

1.d4 Nf6 2.Nf3 e6 3.c4 b6 4.g3 Ba6 5.b3 Bb4+ 6.Bd2 Be7 7.Bg2 d5 8.Bc3 Ne4
9.O-O O-O 10.Ne5 f6 11.Nd3 Nd7 12.Nf4 Nxc3 13.Nxc3 Bb4 14.Nxe6 Qc8 15.Nxd5 Bd6
16.Nxf8 Nxf8 17.Rc1 c6 18.c5 Qe6 19.Ne3 bxc5 20.Bxc6  1-0

[Event "Torre ENTEL PCS"]
[Site "Santiago CHI"]
[Date "2006.03.28"]
[Round "9"]
[White "Leitao,R"]
[Black "Cordova,Em"]
[Result "0-1"]
[WhiteElo "2575"]
[BlackElo "2440"]

1.d4 Nf6 2.c4 e6 3.Nf3 b6 4.g3 Ba6 5.Nbd2 Bb4 6.Qc2 Bb7 7.Bg2 Be4 8.Qd1 O-O
9.O-O Bxd2 10.Qxd2 d6 11.b3 Nbd7 12.Bb2 Re8 13.Rfd1 a5 14.Rac1 Qe7 15.Qc3 c6
16.Bf1 b5 17.Nh4 b4 18.Qd2 d5 19.f3 Bg6 20.Nxg6 hxg6 21.Qc2 a4 22.cxd5 cxd5
23.bxa4 Nb6 24.e3 Nxa4 25.Ba1 Reb8 26.Rd2 Ne8 27.Qb3 Nd6 28.Rdc2 Qg5 29.Kf2 Nf5
30.e4 dxe4 31.fxe4 Nd6 32.Qe3 Nb6 33.Bd3 Qxe3+ 34.Kxe3 Ra3 35.Rb1 f5 36.exf5 gxf5
37.Kd2 Nd5 38.Rb3 Ra4 39.Kc1 Rba8 40.Kb1 Ne4 41.Bc4 Kh7 42.Bxd5 exd5 43.Bb2 Nd6
44.Rc5 Ne4 45.Rc2 Nd6 46.Rc5 Nc4 47.Rxd5 Nd2+ 48.Kc2 Nxb3 49.Kxb3 Kg6 50.Rb5 Rxa2
51.Rxb4 R2a5 52.Rb6+ Kh5 53.d5 Rxd5 54.Bxg7 Kg4 55.Rg6+ Kh3 56.Rh6+ Kg2 57.Kc4 Rd2
58.Be5 Rc8+ 59.Kb4 Rd1 60.Rb6 Rb1+ 61.Ka5 Rc5+  0-1

[Event "Liguilla Absoluta"]
[Site "Lima PER"]
[Date "2006.04.01"]
[Round "1"]
[White "Ramos,Er"]
[Black "Samame Castillo,J"]
[Result "1-0"]
[WhiteElo "2274"]
[BlackElo "2228"]

1.d4 Nf6 2.c4 e6 3.Nf3 b6 4.g3 Ba6 5.b3 Bb4+ 6.Bd2 Be7 7.Bg2 c6 8.O-O O-O
9.Bc3 d5 10.Nbd2 Nbd7 11.Re1 Bb7 12.e4 Nxe4 13.Nxe4 dxe4 14.Rxe4 c5 15.Re1 Bf6
16.Rc1 cxd4 17.Nxd4 Bxg2 18.Kxg2 Nc5 19.b4 Nd7 20.Nc6 Qc7 21.Qf3 Rac8 22.b5 Bxc3
23.Rxc3 Nb8 24.c5 Nxc6 25.cxb6 Qxb6 26.bxc6 Rfd8 27.Rec1 Rc7 28.Rb3 Qa6 29.Rb7 Rdc8
30.Rxc7 Rxc7 31.Qd1 Qc8 32.Qd6 h6 33.h4 Kh7 34.Rc3 f6 35.g4 e5 36.Kg3 Qb8
37.g5 Qc8 38.gxf6 gxf6 39.Qxf6 Qg8+ 40.Kh3 Rf7 41.Qxe5 Qc8+ 42.Kg2 Rg7+ 43.Kh2 Qf8
44.Qe4+ Kh8 45.Qd4 Kh7 46.c7 Qc8 47.Qe4+ Kg8 48.Qd5+ Kh7 49.Qd3+ Kh8 50.Qd8+ Rg8
51.Qxc8 Rxc8 52.Kg3 Kg7 53.Kg4 Kg6 54.Rc6+ Kg7 55.Kf5  1-0

[Event "FSGM April"]
[Site "Budapest HUN"]
[Date "2006.04.03"]
[Round "3"]
[White "Pataki,G"]
[Black "Sendur,A"]
[Result "1/2-1/2"]
[WhiteElo "2375"]
[BlackElo "2411"]

1.d4 Nf6 2.Nf3 e6 3.c4 b6 4.g3 Ba6 5.Qa4 Bb7 6.Bg2 c5 7.dxc5 bxc5 8.O-O Be7
9.Nc3 O-O 10.Rd1 d6 11.Bf4 Qb6 12.Rab1 Na6 13.a3 Bc6 14.Qc2 Rfd8 15.Ng5 Bxg2
16.Kxg2  1/2-1/2

[Event "ch-DEN"]
[Site "Aalborg DEN"]
[Date "2006.04.09"]
[Round "2"]
[White "Kongsted,H"]
[Black "Pedersen,Nic"]
[Result "1/2-1/2"]
[WhiteElo "2245"]
[BlackElo "2516"]

1.d4 Nf6 2.Nf3 e6 3.c4 b6 4.g3 Ba6 5.b3 Bb4+ 6.Bd2 Be7 7.Bg2 c6 8.Bc3 d5
9.Ne5 Nfd7 10.Nxd7 Nxd7 11.Nd2 O-O 12.O-O Nf6 13.e4 b5 14.exd5 exd5 15.Re1 Re8  1/2-1/2

[Event "ch-DEN Gladiator"]
[Site "Aalborg DEN"]
[Date "2006.04.10"]
[Round "3"]
[White "Kongsted,H"]
[Black "Aagaard,J"]
[Result "1-0"]
[WhiteElo "2245"]
[BlackElo "2447"]

1.d4 Nf6 2.Nf3 e6 3.c4 b6 4.g3 Ba6 5.b3 Bb7 6.Bg2 Bb4+ 7.Bd2 c5 8.Bxb4 cxb4
9.Nbd2 O-O 10.O-O d6 11.Qc2 Qc7 12.e4 e5 13.d5 a5 14.Kh1 Nbd7 15.Nh4 b5 16.Rac1 Rfc8
17.Qd1 bxc4 18.Nxc4 Ba6 19.Nf5 Nc5 20.Nfxd6 Rd8 21.Nf5 Ncxe4 22.Bxe4 Nxe4
23.Nxg7 Qd7 24.Nh5 Qf5 25.f4 Bb7 26.Ne3 exf4 27.Nxf5 Bc8  1-0

[Event "Open NOR-ch"]
[Site "Oslo NOR"]
[Date "2006.04.10"]
[Round "3"]
[White "Brynell,S"]
[Black "Hammer,J"]
[Result "1-0"]
[WhiteElo "2488"]
[BlackElo "2287"]

1.d4 Nf6 2.Nf3 e6 3.c4 b6 4.g3 Ba6 5.b3 Bb4+ 6.Bd2 Bxd2+ 7.Nbxd2 Bb7 8.Bg2 O-O
9.O-O Ne4 10.Qc2 Nxd2 11.Qxd2 Be4 12.Rfd1 f5 13.d5 Qf6 14.dxe6 dxe6 15.Qg5 Na6
16.Qxf6 gxf6 17.Nd4 Bxg2 18.Kxg2 Kf7 19.Nc6 Ke8 20.Rd4 Nb8 21.Nxb8 Rxb8 22.Rad1 Rf7
23.Kf3 Re7 24.h3 c5 25.Rd6 Kf7 26.R1d3 Rbe8 27.a4 e5 28.e4 f4 29.gxf4 exf4
30.Rd7 Kf8 31.Rxe7 Kxe7 32.Kxf4 Ke6 33.Rd5 Rc8 34.Rh5 Rc7 35.Rh6 Rd7 36.Ke3 Rg7
37.f3 a6 38.Rh5 Rg1 39.Rxh7 Rb1 40.Rb7 Rxb3+ 41.Kf4 Rb4 42.h4 Rxa4 43.Rxb6+ Ke7
44.h5 Rxc4 45.h6 Rc1 46.h7 Rh1 47.Rb8  1-0